000 00773nam a22002057a 4500
999 _c4416
_d4416
003 AR-CdUCM
008 190308b ||||| |||| 00| 0 spa d
040 _aMUNICIPALIDAD PROVINCIAL DEL CUSCO
_cBIBLIOTECA MUNICIPAL DEL CUSCO
082 _a780.985 /
_bH71
100 _aHolzmann, Rodolfo
_913922
245 _aIntrodución a la etnomusicología :
_bteoría y práctica /
260 _aLima :
_bIndustrial Gráfica,
_c1987.
300 _a133 páginas ;
_c20 cm.
505 _aHistoria precursores y antecedentes -- Deslindes disciplinarios y definiciones -- La etnomúsica -- Tradición musical y aculturación...
650 _aEtnomúsica.
_913923
650 _aTradición musical.
_913924
650 _aMúsica.
_91443
942 _2ddc
_cLIBROS
945 _awfj
_d2019-03-08